1075 2000 1450 1677 1185 1889 1207 1393 1202 1943 1841 1620 1104 1943 1763 1037 1128 1352 1764 1283 1948 1893 1663 1959 1604 1581 1895 1578 1955 1978 1588 1555 1052 1296 1937 1765 1750 1040 1944 1277 1900 1991 1058 1795 1088 1730 1788 1393 1192 1656 1267 1014 1077 1430 1053 1568 1565 1748 1126 1637 1315 1891 1652 1943 1973 1974 1018 1257 1041 1116 1394 1047 1242 1583 1338 1583 1586 1757 1758 1081 1297 1971 1042 1411 1915 1178 1211 1267 1022 1822 1068 1014 1878 1893 1470 1366 1028 1082 1563 BCNSPRNW ULIB Ver.6.0+V

เปลี่ยนเป็นภาษาไทย

Change to English
 แสดงรายละเอียดบรรณานุกรม
  กลับหน้าหลัก

Brief Record : Get Marc (ISO 2709) : E-mail record : QR code < ปิดหน้าต่าง
LEADER : 00000nam 2200000uu 4500
001    13399122359
003     ULIB
008    130222s2550||||th 000 0 tha d
099    วจ.BF576^bพ172ค
100 0  พจนา ปิยปกรณ์ชัย, ชมนาด วรรณพรศิริ และนุศรา วิจิตรแก้ว
245 00 ความฉลาดทางอารมณ์ของนักศึกษาพยาบาล ในโครงการผลิตพยาบาลวิชาชีพเพิ่มเพื่อแก้ไขปัญหาภาคใต้ เครือข่ายวิทยาลัยภาคเหนือ สถาบันพระบรมราชชนก กระทรวงสาธารณสุข^cโดยพจนา ปิยปกรณ์ชัย, ชมนาด วรรณพรศิริ และนุศรา วิจิตรแก้ว
260    พิษณุโลก:^cวิทยาลัยพยาบาลบรมราชชนนี พุทธชินราช,^c2550
300    52 หน้า
650  0 ความฉลาดทางอารมณ์^xวิจัย
650  0 โครงการผลิตพยาบาลวิชาชีพเพิ่มเพื่อแก้ไขปัญหาภาคใต้^xวิจัย
700 0  ชมนาด วรรณพรศิริ
700 0  นุศรา วิจิตรแก้ว
945    ^p0^l0^i033608
999    ^aเกษร โพธิ์สุวรรณ
รายการนี้ยังไม่มีแท็ก
คุณยังไม่ได้ล็อกอิน คุณสามารถมีกิจกรรมร่วมกับเว็บไซต์ได้ แต่ต้องล็อกอินก่อน ::
  ล็อกอิน

รายการสื่อสารสนเทศ

ลำดับที่ ประเภท เลขเรียก/บาร์โค้ด สถานที่ สถานะ
1. งานวิจัย
งานวิจัย
วจ.BF576 พ172ค  
  Barcode: 033608
ห้องสมุดวิทยาเขตสวรรค์ประชารักษ์
►วิจัย
บนชั้น

BibComment


ยังไม่เคยถูกคอมเมนท์

คอมเมนท์ทรัพยากรรายการนี้
  คอมเมนท์: ความฉลาดทางอารมณ์..


 Copyright 2026. Bcnsprnw @Library